Los negocios jurídicos patrimoniales y los contratos en el derecho romano.

Enregistré dans:
Détails bibliographiques
Auteur principal: Di Pietro, Alfredo (autor)
Format: Livre
Publié: Ciudad de Buenos Aires, Argentina: Abaco de Rodolfo Depalma, 2004.
Sujets:
Tags: Ajouter un tag
Pas de tags, Soyez le premier à ajouter un tag!

MARC

LEADER 00000cam a2200000 a 4500
001 UCE8506
003 CL-VaPUC
005 20220822114537.0
008 220701t2004 ||||| |||| 00| 0 eng d
999 |c 436611  |d 436609 
020 |a 950-569-226-9 
040 |c Pontificia Universidad Católica de Valparaíso 
082 7 |a 340.54 DIP 2004  |2 22 
100 0 |a Di Pietro, Alfredo  |e autor  |9 581202 
245 1 4 |a Los negocios jurídicos patrimoniales y los contratos en el derecho romano. 
260 |a Ciudad de Buenos Aires, Argentina:  |b Abaco de Rodolfo Depalma,   |c 2004. 
300 |a 380 páginas. 
500 |a c.1 Donación Familia Prof. Alejandro Guzmán Brito. 
583 |a last modification  |c 20150806 12:27:00  |k Cristina María Rojas Aguilar 
650 0 |a Derecho romano  |9 255930  |x Contratos 
650 0 |a Derecho romano  |x Negocios jurídicos patrimoniales  |9 872546 
942 |c BK  |2 ddc  |n 0 
952 |0 0  |1 0  |2 ddc  |4 0  |6 340_540000000000000_DIP_2004  |7 1  |8 C_AGB  |9 584286  |a BIBDER  |b BIBDER  |d 2022-07-01  |e Donación   |i 5652420  |o 340.54 DIP 2004  |p 5652420  |r 2023-01-25  |t 1  |w 2022-07-01  |y BK_US  |k AGB